Word Ladder: On a Clear Day Quiz Stats

 Plays Quiz Updated Feb 21, 2019

Score 0/24 Timer 02:30
3 Plays Today
Clue Word % Correct
Distant•FAR•
95.6%
Winnie-___-Pooh•THE•
94.3%
Donkey•ASS•
93.7%
Cool __ _ cucumberAS A
92.5%
'Murder, ___ Wrote'SHE
91.4%
What you can't do in the dark•SEE•
89.6%
Middle of the storm•EYE•
88%
Bro's sibSIS
86.9%
Word before Andreas or AntonioSAN
85.6%
Possesses•HAS•
85%
Air leak soundSSS
83.7%
___ Na Na (rock group)SHA
81.9%
Clue Word % Correct
US lawmaker, for shortSEN.
81.6%
'Ready Player One' star SheridanTYE
80.2%
WWII presidentFDR
79.9%
'Chandelier' singerSIA
79.8%
Notes before solFAS
77.9%
Soup container•CAN•
77.7%
Where to find the cochleaEAR
74.7%
US federal health agencyFDA
73.7%
Programming pioneer LovelaceADA
73.6%
MisstepERR
67.8%
General Lee e.g.CAR
66.4%
'Able was I ___ I saw Elba'ERE
65%

Today's Daily Dose

Word Ladder
At Last!

Get the Picture
Big 4 'C' All-Stars

You're not logged in!

Compare scores with friends on all Sporcle quizzes.
OR
Log In

You Might Also Like...

Show Comments

Extras

Top Quizzes Today


Score Distribution

Your Account Isn't Verified!

In order to create a playlist on Sporcle, you need to verify the email address you used during registration. Go to your Sporcle Settings to finish the process.

Report this User

Report this user for behavior that violates our Community Guidelines.

Details: